(NEW) VCT International Events on a Map - Statistics

General Stats
  • This quiz has been taken 378 times
    72 since last reset
  • The average score is 13 of 18
Answers on the Map
Answers color-coded by a green-red scale on the quiz's map according to % correct below.
 
Answer Stats
Answer % Correct
Champions 2023
89%
LOCK//IN 2023
88%
2nd International Masters 2021
79%
2nd Masters 2024
77%
Champions 2021
77%
Masters 2023
77%
1st International Masters 2021
75%
1st Masters 2022
75%
2nd Masters 2025
75%
Champions 2026
75%
1st Masters 2024
74%
Champions 2025
74%
Champions 2024
70%
2nd Masters 2026
65%
Champions 2022
60%
2nd Masters 2022
54%
1st Masters 2026
53%
1st Masters 2025
37%
No matching quizzes found
Score Distribution
Percent of People with Each Score
Percentile by Number Answered
Your Score History
You have not taken this quiz since the last reset